[Event "87o Campeonato Brasileiro Absoluto Final Aberta"]
[Site "Cuiaba MT"]
[Date "2021.10.31"]
[Round "5"]
[Board "80"]
[White "Cinta Larga, Carlos Eduardo Dos Santos"]
[Black "Teixeira, Jonas Carvalho"]
[Result "0-1"]
[WhiteElo "1742"]
[BlackElo "1785"]
[PlyCount "62"]
[EventDate "2021.10.28"]
[EventRounds "11"]
[EventCountry "BRA"]

1. e4 c5 2. Nf3 Nc6 3. Bc4 e6 4. Nc3 a6 5. a4 Be7 6. d4 cxd4 7. Nxd4 d6 8. O-O
Qc7 9. Nxc6 Qxc6 10. Qe2 Nf6 11. Bb5 axb5 12. axb5 Qc7 13. Rxa8 O-O 14. Bg5 h6
15. Bh4 g5 16. Bg3 e5 17. Nd5 Nxd5 18. exd5 f5 19. b6 Qxb6 20. Bxe5 dxe5 21.
Qc4 Qc5 22. Qb3 Kg7 23. Re1 e4 24. Re3 Bf6 25. c3 Rf7 26. Qc2 Rd7 27. g4 Rxd5
28. b4 Qc4 29. gxf5 Bxf5 30. Ra3 Bd4 31. Rg3 e3  0-1

[Event "87o Campeonato Brasileiro Absoluto Final Aberta"]
[Site "Cuiaba MT"]
[Date "2021.10.31"]
[Round "5"]
[Board "81"]
[White "Cardoso, Lucca Pimenta"]
[Black "De Carvalho, Amauri"]
[Result "1-0"]
[WhiteElo "1690"]
[BlackElo "1188"]
[PlyCount "51"]
[EventDate "2021.10.28"]
[EventRounds "11"]
[EventCountry "BRA"]

1. d4 Nf6 2. c4 g6 3. Nc3 d5 4. Qb3 c6 5. Nf3 Bg7 6. Bf4 O-O 7. e3 Nbd7 8. Bd3
Nh5 9. Bg5 Re8 10. cxd5 c5 11. d6 Nhf6 12. Bc4 e6 13. O-O a6 14. a4 Nb6 15.
dxc5 Nxc4 16. Qxc4 Qd7 17. Ne5 Qd8 18. Rad1 Bd7 19. Qf4 Bc6 20. b4 h6 21. Bxh6
Bxh6 22. Qxh6 Nd5 23. Ne4 Nf6 24. Ng5 Rf8 25. Rd4 Be4 26. Rxe4  1-0

[Event "87o Campeonato Brasileiro Absoluto Final Aberta"]
[Site "Cuiaba MT"]
[Date "2021.10.31"]
[Round "5"]
[Board "82"]
[White "Timossi, Lucas Jose Santiago"]
[Black "Fernandes, Pedro Guilherme Muniz"]
[Result "0-1"]
[WhiteElo "1737"]
[BlackElo "1682"]
[PlyCount "68"]
[EventDate "2021.10.28"]
[EventRounds "11"]
[EventCountry "BRA"]

1. Nf3 Nf6 2. g3 g6 3. Bg2 Bg7 4. O-O O-O 5. Re1 d5 6. d3 c5 7. Bg5 h6 8. Bxf6
Bxf6 9. c3 Bf5 10. Nbd2 Qb6 11. Qb3 Nc6 12. e4 dxe4 13. dxe4 Be6 14. Qxb6 axb6
15. e5 Bg7 16. Nf1 Bxa2 17. Nh4 Nxe5 18. f4 Nc6 19. Bxc6 bxc6 20. Rxe7 Bf6 21.
Rc7 Bxh4 22. gxh4 Bd5 23. Raa7 Rxa7 24. Rxa7 Re8 25. Kf2 Re4 26. Kg3 Re2 27. b4
Rg2+ 28. Kh3 Rf2 29. bxc5 bxc5 30. Ra1 Bg2+ 31. Kg3 Rxf1 32. Ra8+ Kg7 33. Kxg2
Rxf4 34. Ra1 Rxh4  0-1

[Event "87o Campeonato Brasileiro Absoluto Final Aberta"]
[Site "Cuiaba MT"]
[Date "2021.10.31"]
[Round "5"]
[Board "83"]
[White "De Souza, Eliel Martins"]
[Black "Romais, Rodrigo"]
[Result "0-1"]
[WhiteElo "1709"]
[BlackElo "1652"]
[PlyCount "94"]
[EventDate "2021.10.28"]
[EventRounds "11"]
[EventCountry "BRA"]

1. e4 e6 2. d4 d5 3. exd5 exd5 4. Bd3 Bd6 5. Nf3 Ne7 6. Nc3 Nbc6 7. a3 Bg4 8.
Be3 Qd7 9. h3 Bh5 10. g4 Bg6 11. Nb5 O-O-O 12. Nxd6+ Qxd6 13. Qe2 Rde8 14.
O-O-O h5 15. Bxg6 Nxg6 16. Qd3 Nf4 17. Qf5+ Ne6 18. Ne5 Nxe5 19. dxe5 Qd7 20.
Qd3 hxg4 21. hxg4 Rxh1 22. Rxh1 d4 23. Bd2 Qc6 24. Rh5 Qg2 25. Be1 Nf4 26. Qf5+
Ne6 27. Qxf7 Kd8 28. Kd2 Qxg4 29. Qf5 Qxf5 30. Rxf5 Kd7 31. f4 Re7 32. Bh4 Re8
33. Rf7+ Kc6 34. f5 Nf4 35. Rxg7 Rxe5 36. f6 Rf5 37. f7 Ne6 38. Rg6 Kd5 39. Bg3
Rxf7 40. Rg8 b6 41. Ra8 a5 42. Rh8 Rg7 43. Rh5+ Ke4 44. Rh6 Ng5 45. Rh8 Nf3+
46. Ke2 Rxg3 47. Re8+ Ne5  0-1

[Event "87o Campeonato Brasileiro Absoluto Final Aberta"]
[Site "Cuiaba MT"]
[Date "2021.10.31"]
[Round "5"]
[Board "101"]
[White "De Oliveira, Tobias Luiz Carvalho"]
[Black "Peres, Wallafe Moreira"]
[Result "0-1"]
[WhiteElo "1198"]
[BlackElo "1770"]
[PlyCount "53"]
[EventDate "2021.10.28"]
[EventRounds "11"]
[EventCountry "BRA"]

1. e4 d6 2. d4 f5 3. Nc3 Nf6 4. Bd3 fxe4 5. Nxe4 d5 6. Nxf6+ exf6 7. Qh5+ Ke7
8. Qe2+ Be6 9. Bf5 Qd7 10. Bf4 Na6 11. Nf3 Kf7 12. Bxe6+ Qxe6 13. Qxe6+ Kxe6
14. O-O Kd7 15. c3 g5 16. Bg3 h5 17. h4 Be7 18. Rae1 Rag8 19. Re2 Rh7 20. Rfe1
Rgg7 21. a3 b6 22. b4 Bd6 23. b5 Nb8 24. a4 Kc8 25. Re8+ Kb7 26. Kh1 Nd7 27.
Kg1 {resto ilegÃƒ^^vel}  0-1

[Event "87o Campeonato Brasileiro Absoluto Final Aberta"]
[Site "Cuiaba MT"]
[Date "2021.10.31"]
[Round "6"]
[Board "1"]
[White "Mekhitarian, Krikor Sevag"]
[Black "Supi, Luis Paulo"]
[Result "1/2-1/2"]
[WhiteElo "2560"]
[BlackElo "2572"]
[PlyCount "33"]
[EventDate "2021.10.28"]
[EventRounds "11"]
[EventCountry "BRA"]

1. d4 Nf6 2. c4 g6 3. Nc3 Bg7 4. g3 O-O 5. Bg2 d6 6. Nf3 c6 7. O-O Bf5 8. b3
Ne4 9. Bb2 Nxc3 10. Bxc3 Be4 11. Nh4 Bxg2 12. Nxg2 d5 13. Qd3 e6 14. e4 dxe4
15. Qxe4 Nd7 16. Rfe1 Qc7 17. Nh4  1/2-1/2

[Event "87o Campeonato Brasileiro Absoluto Final Aberta"]
[Site "Cuiaba MT"]
[Date "2021.10.31"]
[Round "6"]
[Board "2"]
[White "Santiago, Yago De Moura"]
[Black "Di Berardino, Diego Rafael"]
[Result "1/2-1/2"]
[WhiteElo "2478"]
[BlackElo "2471"]
[PlyCount "77"]
[EventDate "2021.10.28"]
[EventRounds "11"]
[EventCountry "BRA"]

1. d4 Nf6 2. c4 e6 3. Nc3 Bb4 4. e3 O-O 5. Bd3 d5 6. Nge2 c5 7. cxd5 cxd4 8.
exd4 Nxd5 9. a3 Nxc3 10. bxc3 Bd6 11. Qc2 h6 12. Be3 Nc6 13. O-O Qc7 14. h3 b6
15. c4 Bb7 16. Nc3 Rac8 17. Nb5 Qe7 18. Nxd6 Qxd6 19. Rfd1 Na5 20. c5 Qd7 21.
Rab1 Bd5 22. Qe2 Qe7 23. Qg4 f5 24. Qg3 Qf6 25. Bf4 Rf7 26. cxb6 axb6 27. Ba6
Rc6 28. Bb5 Rc8 29. Be2 Rc6 30. h4 Ra7 31. Bxh6 Qxh6 32. Qb8+ Kh7 33. Qxa7 Rc2
34. Qa6 Qf4 35. Re1 Bc4 36. Qxb6 Bxe2 37. Qxa5 Bd3 38. Rf1 Bxf1 39. Rxf1
 1/2-1/2

[Event "87o Campeonato Brasileiro Absoluto Final Aberta"]
[Site "Cuiaba MT"]
[Date "2021.10.31"]
[Round "6"]
[Board "3"]
[White "Fier, Alexandr"]
[Black "Lima, Darcy"]
[Result "1/2-1/2"]
[WhiteElo "2563"]
[BlackElo "2508"]
[PlyCount "42"]
[EventDate "2021.10.28"]
[EventRounds "11"]
[EventCountry "BRA"]

1. e4 e5 2. Nf3 Nf6 3. Nc3 Bb4 4. Bc4 Bxc3 5. dxc3 d6 6. Bg5 h6 7. Bh4 Be6 8.
Bd3 Nbd7 9. Nd2 g5 10. Bg3 Qe7 11. c4 a5 12. h4 Qf8 13. Nf1 Nc5 14. Qf3 Qg7 15.
Qe3 Nh5 16. Qd2 b6 17. O-O-O O-O-O 18. hxg5 hxg5 19. f3 Nxg3 20. Nxg3 g4 21.
Rhg1 gxf3  1/2-1/2

[Event "87o Campeonato Brasileiro Absoluto Final Aberta"]
[Site "Cuiaba MT"]
[Date "2021.10.31"]
[Round "6"]
[Board "4"]
[White "Quintiliano Pinto, Renato R."]
[Black "Guimaraes, Diogo Duarte"]
[Result "1-0"]
[WhiteElo "2469"]
[BlackElo "2264"]
[PlyCount "73"]
[EventDate "2021.10.28"]
[EventRounds "11"]
[EventCountry "BRA"]

1. d4 d5 2. Nf3 Nf6 3. c4 c6 4. Nc3 e6 5. e3 Nbd7 6. Be2 Bd6 7. O-O O-O 8. b3
Ne4 9. Nxe4 dxe4 10. Nd2 f5 11. f3 Qh4 12. f4 c5 13. d5 e5 14. g3 Qe7 15. Bb2
Rf6 16. Rf2 Rg6 17. Kh1 Nf6 18. Rg2 Bd7 19. Qc2 h5 20. Rag1 Kf7 21. Qc3 exf4
22. gxf4 Ng4 23. Nf1 Rh8 24. Qe1 Rgh6 25. h3 R8h7 26. hxg4 hxg4+ 27. Rh2 g5 28.
Rxh6 Rxh6+ 29. Kg2 gxf4 30. exf4 Bxf4 31. Bc1 Bxc1 32. Qxc1 Qh4 33. Qf4 Qh3+
34. Kf2 Ra6 35. Qc7 Ke8 36. Ng3 Rxa2 37. Rh1  1-0

[Event "87o Campeonato Brasileiro Absoluto Final Aberta"]
[Site "Cuiaba MT"]
[Date "2021.10.31"]
[Round "6"]
[Board "6"]
[White "Bittencourt, Jorge"]
[Black "Marra, Eduardo Da Costa"]
[Result "1/2-1/2"]
[WhiteElo "2414"]
[BlackElo "2200"]
[PlyCount "32"]
[EventDate "2021.10.28"]
[EventRounds "11"]
[EventCountry "BRA"]

1. d4 Nf6 2. c4 e6 3. Nf3 d5 4. g3 Bb4+ 5. Nbd2 O-O 6. Bg2 b6 7. O-O Bb7 8. a3
Be7 9. cxd5 exd5 10. b4 c6 11. Nb3 Ne4 12. Qc2 Re8 13. Nfd2 Nf6 14. e4 dxe4 15.
Nxe4 Nbd7 16. Bb2 Rc8  1/2-1/2

[Event "87o Campeonato Brasileiro Absoluto Final Aberta"]
[Site "Cuiaba MT"]
[Date "2021.10.31"]
[Round "6"]
[Board "7"]
[White "Brito, Luismar"]
[Black "Umetsubo, Cesar Hidemitsu"]
[Result "0-1"]
[WhiteElo "2198"]
[BlackElo "2379"]
[PlyCount "56"]
[EventDate "2021.10.28"]
[EventRounds "11"]
[EventCountry "BRA"]

1. e4 c5 2. Nf3 d6 3. d4 cxd4 4. Qxd4 Nc6 5. Bb5 Bd7 6. Bxc6 Bxc6 7. Nc3 Nf6 8.
O-O e6 9. b3 Be7 10. Bb2 O-O 11. Rad1 Qc7 12. Qe3 b5 13. Nd2 Qb7 14. Rfe1 Rfc8
15. Rc1 a5 16. Nd1 b4 17. Qg3 e5 18. Qf3 a4 19. c4 axb3 20. axb3 Ra2 21. Qd3
Nd7 22. Qb1 Rca8 23. Ne3 Bg5 24. Rcd1 Nc5 25. f3 Qb6 26. Kh1 Rxb2 27. Qxb2 Nd3
28. Qb1 Nf2+  0-1

[Event "87o Campeonato Brasileiro Absoluto Final Aberta"]
[Site "Cuiaba MT"]
[Date "2021.10.31"]
[Round "6"]
[Board "8"]
[White "Rodrigues, Edgar"]
[Black "Sega, Carlos Alberto"]
[Result "1-0"]
[WhiteElo "2339"]
[BlackElo "2164"]
[PlyCount "73"]
[EventDate "2021.10.28"]
[EventRounds "11"]
[EventCountry "BRA"]

1. Nf3 Nf6 2. g3 e6 3. Bg2 d5 4. O-O b6 5. c4 Bb7 6. cxd5 Nxd5 7. Nc3 Nxc3 8.
bxc3 Be7 9. Qc2 Nd7 10. Re1 c5 11. Bb2 Qc7 12. d3 O-O 13. e4 b5 14. Qe2 Nb6 15.
Rad1 Na4 16. Ba1 c4 17. d4 a5 18. Ne5 f6 19. Ng4 b4 20. Ne3 bxc3 21. d5 e5 22.
d6 Bxd6 23. Rxd6 Qxd6 24. Qxc4+ Kh8 25. Qxa4 Qb4 26. Qc2 Rac8 27. Rb1 Qe7 28.
Bxc3 Rc5 29. Qb3 Rfc8 30. Qxb7 Qxb7 31. Rxb7 Rxc3 32. Bh3 Ra8 33. Be6 a4 34. h4
h5 35. Nf5 Ra6 36. Rb8+ Kh7 37. Bg8+  1-0

[Event "87o Campeonato Brasileiro Absoluto Final Aberta"]
[Site "Cuiaba MT"]
[Date "2021.10.31"]
[Round "6"]
[Board "9"]
[White "Rocha, Vitor Firmo De Souza"]
[Black "Cadilhac, Igor Tokuichi Kikuchi"]
[Result "1/2-1/2"]
[WhiteElo "2176"]
[BlackElo "2323"]
[PlyCount "105"]
[EventDate "2021.10.28"]
[EventRounds "11"]
[EventCountry "BRA"]

1. e4 e5 2. Nf3 Nc6 3. Bb5 a6 4. Ba4 Nf6 5. O-O b5 6. Bb3 Be7 7. Re1 d6 8. c3
O-O 9. d3 Na5 10. Bc2 c5 11. Nbd2 Nc6 12. Nf1 Re8 13. Ng3 h6 14. h3 Be6 15. d4
cxd4 16. cxd4 exd4 17. Nxd4 Nxd4 18. Qxd4 Rc8 19. Bb3 d5 20. e5 Nd7 21. Be3 Bc5
22. Qd1 Bb4 23. Bd2 Bf8 24. f4 Bc5+ 25. Kh2 Bf2 26. Rf1 Bxg3+ 27. Kxg3 Nc5 28.
Kh2 Bf5 29. Bc3 Nxb3 30. axb3 Re6 31. g4 Be4 32. Rc1 Qb6 33. Qd4 Qxd4 34. Bxd4
Bc2 35. b4 Rc4 36. Bc5 Rc6 37. Rf2 Be4 38. Rxc4 bxc4 39. Bd4 Kf8 40. f5 Kg8 41.
h4 h5 42. g5 g6 43. fxg6 Bxg6 44. Rf6 Rxf6 45. exf6 Kf8 46. Kg3 Ke8 47. Kf4 Kd7
48. Ke5 Kc6 49. Bc3 Be4 50. Be1 Bg6 51. Bc3 Be4 52. Be1 Bg6 53. Bc3  1/2-1/2

[Event "87o Campeonato Brasileiro Absoluto Final Aberta"]
[Site "Cuiaba MT"]
[Date "2021.10.31"]
[Round "6"]
[Board "10"]
[White "Gauche, Charles"]
[Black "Filgueiras, Nathan Felipe"]
[Result "1-0"]
[WhiteElo "2155"]
[BlackElo "2312"]
[PlyCount "97"]
[EventDate "2021.10.28"]
[EventRounds "11"]
[EventCountry "BRA"]

1. Nf3 Nf6 2. c4 b6 3. g3 Bb7 4. Bg2 e6 5. O-O Be7 6. b3 O-O 7. Bb2 d5 8. d3 c5
9. e3 Qc7 10. Qe2 Nbd7 11. Nbd2 Rad8 12. Rac1 Qb8 13. Rfe1 Rfe8 14. h3 h6 15.
e4 dxe4 16. dxe4 e5 17. Nh4 g6 18. Qe3 Nh7 19. Nhf3 h5 20. Nb1 Bf6 21. Nc3 Ndf8
22. Nd5 Bg7 23. h4 Ne6 24. a3 Nd4 25. Nxd4 cxd4 26. Qd2 Bc8 27. b4 Be6 28. Ba1
b5 29. c5 f5 30. c6 Qd6 31. Rc5 Nf6 32. Nxf6+ Bxf6 33. f4 fxe4 34. Bxe4 exf4
35. Bxg6 f3 36. Kf2 Bxh4 37. Rg5 Bxg5 38. Qxg5 Qe7 39. Qxh5 Rd5 40. Qh4 Qxh4
41. gxh4 Re7 42. c7 Rxc7 43. Rxe6 Rd8 44. Re1 d3 45. Rd1 d2 46. Bb2 Rc6 47. h5
Re6 48. Kxf3 Re1 49. h6  1-0

[Event "87o Campeonato Brasileiro Absoluto Final Aberta"]
[Site "Cuiaba MT"]
[Date "2021.10.31"]
[Round "6"]
[Board "11"]
[White "Labussiere, Victor"]
[Black "Sekula, Markley Ribas"]
[Result "1-0"]
[WhiteElo "2291"]
[BlackElo "2092"]
[PlyCount "120"]
[EventDate "2021.10.28"]
[EventRounds "11"]
[EventCountry "BRA"]

1. e4 e5 2. Bc4 Nf6 3. d3 c6 4. Nf3 d5 5. Bb3 Bd6 6. Nc3 dxe4 7. Ng5 O-O 8.
Ncxe4 Nxe4 9. Nxe4 Bf5 10. Ng3 Qd7 11. Nxf5 Qxf5 12. O-O Na6 13. a3 Rad8 14.
Qe2 Nc5 15. Ba2 Ne6 16. Be3 Nd4 17. Qd2 Qg6 18. Bxd4 exd4 19. Rad1 Rfe8 20. Qa5
Bb8 21. g3 b6 22. Qa6 h5 23. Qb7 h4 24. Rfe1 Rf8 25. Kg2 Qf6 26. Re4 g5 27.
gxh4 Qd6 28. Qe7 Qxe7 29. Rxe7 gxh4 30. Re4 Kg7 31. Rxh4 Rh8 32. Rxh8 Rxh8 33.
h3 Kf6 34. Re1 Rg8+ 35. Kf3 Rh8 36. Rh1 Rh5 37. h4 Rf5+ 38. Kg2 Bf4 39. Re1 Bh6
40. Re4 c5 41. b4 Bd2 42. b5 Rh5 43. Kg3 Rh8 44. Rg4 Re8 45. Bb3 Rh8 46. Re4
Rg8+ 47. Kf3 Rh8 48. Bc4 Bc1 49. a4 Bd2 50. Ke2 Bh6 51. Kf3 Bd2 52. h5 Rxh5 53.
Re8 Re5 54. Ra8 Re7 55. Kg4 Ke5 56. Rg8 Bh6 57. Rd8 f5+ 58. Kh5 Bd2 59. Kg6 Kf4
60. Rh8 Kg4 {ilegÃƒ^^vel}  1-0

[Event "87o Campeonato Brasileiro Absoluto Final Aberta"]
[Site "Cuiaba MT"]
[Date "2021.10.31"]
[Round "6"]
[Board "12"]
[White "Luz, Arthur Nader"]
[Black "Cunha, Lucas Aguiar"]
[Result "0-1"]
[WhiteElo "2149"]
[BlackElo "2290"]
[PlyCount "72"]
[EventDate "2021.10.28"]
[EventRounds "11"]
[EventCountry "BRA"]

1. d4 Nf6 2. Bf4 d5 3. e3 c5 4. Nc3 a6 5. dxc5 Nc6 6. a3 e5 7. Bg5 Be6 8. b4
Be7 9. Nf3 h6 10. Bh4 O-O 11. Be2 Qc7 12. Bg3 Rad8 13. Nd4 Bc8 14. Nxc6 bxc6
15. O-O Rfe8 16. Qc1 Bf8 17. Qb2 g6 18. Rad1 Bg7 19. Qb3 Nh5 20. Bxh5 gxh5 21.
e4 d4 22. Nb1 Qe7 23. h3 Kh8 24. Nd2 f5 25. exf5 h4 26. Bh2 e4 27. Nc4 Bxf5 28.
Nd6 Be6 29. Qb1 Rg8 30. Kh1 Bd5 31. Rde1 Bf6 32. c4 dxc3 33. Nxe4 Qg7 34. Rg1
Bd4 35. Bd6 Rde8 36. Qd3 Bxf2  0-1

[Event "87o Campeonato Brasileiro Absoluto Final Aberta"]
[Site "Cuiaba MT"]
[Date "2021.10.31"]
[Round "6"]
[Board "13"]
[White "Proudian, Armen"]
[Black "Nemeth Junior, Henrique"]
[Result "1/2-1/2"]
[WhiteElo "2427"]
[BlackElo "2056"]
[PlyCount "164"]
[EventDate "2021.10.28"]
[EventRounds "11"]
[EventCountry "BRA"]

1. e4 c5 2. Nf3 e6 3. d4 cxd4 4. Nxd4 Nc6 5. Nc3 Qc7 6. Be3 a6 7. Qf3 Ne5 8.
Qg3 h5 9. f4 h4 10. Qh3 Bb4 11. O-O-O Ng6 12. f5 Ne5 13. Nf3 Bxc3 14. bxc3 Nf6
15. Nxe5 Qxe5 16. Bd4 Qxe4 17. Bd3 Qd5 18. Rhe1 Qxa2 19. c4 b5 20. Qf3 Rb8 21.
Qf4 Rb7 22. cxb5 axb5 23. Bb2 Rb6 24. fxe6 Rxe6 25. Rxe6+ Qxe6 26. Qb4 Nd5 27.
Qc5 Kd8 28. Qxb5 Qe3+ 29. Kb1 Rh5 30. Qa5+ Qb6 31. Qxb6+ Nxb6 32. Bxg7 Bb7 33.
Be2 Rf5 34. Rf1 Rxf1+ 35. Bxf1 Nd5 36. Bh6 f6 37. Kc1 Ke7 38. Kd2 Kf7 39. Bd3
Ne7 40. g3 hxg3 41. hxg3 Bd5 42. Bf4 Ng6 43. Bc7 Ne5 44. Bf5 Be6 45. Be4 Ke7
46. Kc3 d6 47. Bb6 Kd7 48. Be3 d5 49. Bg2 Kd6 50. Kb4 Bf5 51. c3 Bd3 52. Bf4
Bc4 53. Bh3 Kc6 54. Bh6 Nd3+ 55. Ka5 Nc5 56. Kb4 Nd3+ 57. Ka3 Nf2 58. Bg2 Ne4
59. Bg7 Nxg3 60. Bxf6 Ne4 61. Bd4 Nd6 62. Kb4 Ba2 63. Bf3 Bc4 64. Bd1 Bd3 65.
Be5 Bc4 66. Ba4+ Bb5 67. Bc2 Bc4 68. Bg6 Be2 69. Kb3 Bd1+ 70. Ka2 Bf3 71. Bc2
Be2 72. Kb1 Ne4 73. Kc1 Kb5 74. Bd4 Kc4 75. Kb2 Nc5 76. Ka3 Bf3 77. Bf5 Be4 78.
Bc8 Bg6 79. Bg4 Be4 80. Bh5 Ne6 81. Be5 d4 82. Bf7 Bd5  1/2-1/2

[Event "87o Campeonato Brasileiro Absoluto Final Aberta"]
[Site "Cuiaba MT"]
[Date "2021.10.31"]
[Round "6"]
[Board "14"]
[White "Molina, Roberto Junio Brito"]
[Black "Almeida Junior, Alvaro Alves De"]
[Result "1-0"]
[WhiteElo "2434"]
[BlackElo "2106"]
[PlyCount "91"]
[EventDate "2021.10.28"]
[EventRounds "11"]
[EventCountry "BRA"]

1. e4 c5 2. Nf3 d6 3. d4 cxd4 4. Nxd4 Nf6 5. Nc3 a6 6. Be3 e5 7. Nb3 Be6 8. Qd2
Nbd7 9. O-O-O Be7 10. f3 Rc8 11. Kb1 O-O 12. g4 Qc7 13. g5 Nh5 14. Rg1 Nb6 15.
Nd5 Bxd5 16. exd5 Nc4 17. Bxc4 Qxc4 18. Rg4 Qc7 19. h4 Qd7 20. Qd3 g6 21. Rb4
Bd8 22. f4 a5 23. Re4 Ng3 24. Rc4 Rxc4 25. Qxc4 a4 26. Nd2 b5 27. Qd3 exf4 28.
Bxf4 Qg4 29. Qf3 Qxf3 30. Nxf3 Nf5 31. Re1 f6 32. b3 fxg5 33. Bxg5 Bxg5 34.
hxg5 axb3 35. axb3 Rc8 36. Nd2 Nd4 37. c4 bxc4 38. bxc4 Rb8+ 39. Ka2 h5 40.
gxh6 Kh7 41. Ne4 Nf5 42. Rh1 Nxh6 43. Nxd6 Kg7 44. c5 Ng4 45. c6 Ne3 46. c7  1-0

[Event "87o Campeonato Brasileiro Absoluto Final Aberta"]
[Site "Cuiaba MT"]
[Date "2021.10.31"]
[Round "6"]
[Board "15"]
[White "Silva, Kaua Marques"]
[Black "Limp, Eduardo Thelio"]
[Result "1-0"]
[WhiteElo "2086"]
[BlackElo "2364"]
[PlyCount "43"]
[EventDate "2021.10.28"]
[EventRounds "11"]
[EventCountry "BRA"]

1. e4 c5 2. Nf3 Nc6 3. d4 cxd4 4. Nxd4 Nf6 5. Nc3 e6 6. Nxc6 bxc6 7. e5 Nd5 8.
Ne4 f5 9. exf6 Nxf6 10. Nd6+ Bxd6 11. Qxd6 Ba6 12. Bxa6 Qa5+ 13. b4 Qxa6 14.
Bb2 Rf8 15. O-O-O Rf7 16. Rhe1 Qxa2 17. f4 Re7 18. f5 Kf7 19. g4 h6 20. h4 Nxg4
21. fxe6+ dxe6 22. Rg1  1-0

[Event "87o Campeonato Brasileiro Absoluto Final Aberta"]
[Site "Cuiaba MT"]
[Date "2021.10.31"]
[Round "6"]
[Board "16"]
[White "Nogueira, Ivan Kuhlmann"]
[Black "Pereira, Geanfrancesco"]
[Result "1/2-1/2"]
[WhiteElo "2237"]
[BlackElo "2023"]
[PlyCount "24"]
[EventDate "2021.10.28"]
[EventRounds "11"]
[EventCountry "BRA"]

1. e4 c5 2. d4 cxd4 3. c3 dxc3 4. Nxc3 Nc6 5. Nf3 e6 6. Bc4 Nf6 7. O-O Qc7 8.
Bg5 a6 9. Bh4 Bd6 10. Bg3 Bxg3 11. hxg3 O-O 12. Qe2 Ne5  1/2-1/2

[Event "87o Campeonato Brasileiro Absoluto Final Aberta"]
[Site "Cuiaba MT"]
[Date "2021.10.31"]
[Round "6"]
[Board "17"]
[White "Carstens Dobuchak, Thiago"]
[Black "Nunes Jr, Sidney"]
[Result "1-0"]
[WhiteElo "2179"]
[BlackElo "2084"]
[PlyCount "125"]
[EventDate "2021.10.28"]
[EventRounds "11"]
[EventCountry "BRA"]

1. e4 c5 2. Nf3 g6 3. d4 cxd4 4. Qxd4 Nf6 5. Nc3 Nc6 6. Qa4 d6 7. e5 dxe5 8.
Nxe5 Bg7 9. Bb5 O-O 10. Nxc6 bxc6 11. Bxc6 Bd7 12. O-O Bxc6 13. Qxc6 Rc8 14.
Qf3 Qb6 15. a4 Rfd8 16. Ra3 Qa5 17. Rb3 Ne8 18. Rb5 Qa6 19. Qb7 Qxb7 20. Rxb7
Bxc3 21. bxc3 Rc7 22. Rxc7 Nxc7 23. Be3 a6 24. Rb1 Ne6 25. Kf1 Rc8 26. Bd2 Nc5
27. Rb4 f5 28. f3 Kf7 29. Ke2 Ke6 30. Be3 Nd7 31. Kd2 Rc6 32. c4 a5 33. Rb5 Ne5
34. c5 Nc4+ 35. Kd3 Kd5 36. Bg1 e5 37. Rb8 e4+ 38. fxe4+ fxe4+ 39. Kc3 e3 40.
Rd8+ Kxc5 41. Rd4 Nb6 42. Bxe3 Nd5+ 43. Kd3 Nxe3 44. Kxe3 Rb6 45. Kd3 Rb4 46.
c3 Rb1 47. Rc4+ Kd5 48. Rg4 Kc6 49. Rg5 Kb6 50. Kc4 Ra1 51. Kb3 Rb1+ 52. Ka2
Rf1 53. Kb2 Rf2+ 54. Kb3 Rf1 55. Rb5+ Ka6 56. c4 Rb1+ 57. Kc2 Rf1 58. c5 Rf2+
59. Kb3 Rxg2 60. c6 Rg1 61. Kc4 Rd1 62. Kc5 g5 63. c7  1-0

[Event "87o Campeonato Brasileiro Absoluto Final Aberta"]
[Site "Cuiaba MT"]
[Date "2021.10.31"]
[Round "6"]
[Board "18"]
[White "Oliveira, Leonardo Tadeu De Alme"]
[Black "Abrantes, Tiago Garrido"]
[Result "0-1"]
[WhiteElo "2121"]
[BlackElo "2178"]
[PlyCount "76"]
[EventDate "2021.10.28"]
[EventRounds "11"]
[EventCountry "BRA"]

1. e4 e5 2. Nf3 Nc6 3. Bb5 a6 4. Ba4 Nf6 5. d3 b5 6. Bb3 Be7 7. O-O d6 8. a4
Rb8 9. Be3 O-O 10. h3 Na5 11. Ba2 c5 12. axb5 axb5 13. c3 Qc7 14. Nbd2 Bd7 15.
Re1 h6 16. Nf1 c4 17. Ng3 cxd3 18. Qxd3 Nc4 19. Bc1 Ra8 20. Nh4 Rfd8 21. Ngf5
Bf8 22. b3 Nb6 23. Re3 Nh5 24. Qe2 g6 25. Rd3 Kh7 26. Be3 Nf6 27. Ng3 Be6 28.
Rad1 Nbd7 29. Nf3 Qc6 30. Qb2 Nxe4 31. Nxe4 Qxe4 32. Bb1 Qc6 33. Nh2 d5 34. Bc1
e4 35. Rg3 Bg7 36. Ng4 b4 37. Qd2 bxc3 38. Qc2 f5  0-1

[Event "87o Campeonato Brasileiro Absoluto Final Aberta"]
[Site "Cuiaba MT"]
[Date "2021.10.31"]
[Round "6"]
[Board "19"]
[White "Uczai, Joao Pedro Filimberti"]
[Black "Zallio, Luciano De Souza"]
[Result "1-0"]
[WhiteElo "2058"]
[BlackElo "2163"]
[PlyCount "125"]
[EventDate "2021.10.28"]
[EventRounds "11"]
[EventCountry "BRA"]

1. e4 c5 2. b3 b6 3. Bb2 Bb7 4. Nc3 Nc6 5. Nf3 e6 6. d4 cxd4 7. Nxd4 Nxd4 8.
Qxd4 Nf6 9. e5 Bc5 10. Qf4 Nd5 11. Nxd5 Bxd5 12. Bd3 Qe7 13. O-O O-O 14. Rad1
Rfd8 15. c4 Bc6 16. Qg4 Qf8 17. Qh3 g6 18. Be2 Qg7 19. Bf3 Qf8 20. Rd2 Ba3 21.
Bxa3 Qxa3 22. Rfd1 Qe7 23. Qg3 Rac8 24. Rd6 Kf8 25. Qf4 h5 26. R1d3 Bxf3 27.
Qxf3 Rc5 28. Qe3 Ke8 29. g3 Qf8 30. Qd4 Rc7 31. h4 Qh6 32. Kg2 Qf8 33. Rf3 Qe7
34. Rd3 Rdc8 35. Qf4 Rd8 36. Qh6 Qf8 37. Qd2 Qe7 38. a3 Rdc8 39. Qh6 Rd8 40.
R3d4 Qf8 41. Qg5 Qe7 42. Qd2 Rc5 43. Qf4 Rc7 44. Rd3 Rdc8 45. Qd4 Rd8 46. b4
Rdc8 47. c5 bxc5 48. bxc5 Rb8 49. Qa4 Rd8 50. Qd4 Rb8 51. Rd2 Rbc8 52. Rc2 Rc6
53. Rc3 Qd8 54. Qe3 Qa5 55. Rcd3 R8c7 56. Qh6 Qxc5 57. Qh8+ Ke7 58. Rf3 Rb7 59.
Qf6+ Ke8 60. Qxf7+ Kd8 61. Rfd3 Qb5 62. Qf8+ Kc7 63. Rxd7+  1-0

[Event "87o Campeonato Brasileiro Absoluto Final Aberta"]
[Site "Cuiaba MT"]
[Date "2021.10.31"]
[Round "6"]
[Board "20"]
[White "Souza, Rafael Cabral De"]
[Black "Pinto, Pedro Jorge De Moraes"]
[Result "1-0"]
[WhiteElo "2162"]
[BlackElo "2010"]
[PlyCount "87"]
[EventDate "2021.10.28"]
[EventRounds "11"]
[EventCountry "BRA"]

1. g3 c5 2. c4 Nc6 3. Bg2 g6 4. Nc3 Bg7 5. Nf3 d6 6. O-O e6 7. a3 Nge7 8. Rb1
Rb8 9. b4 b6 10. Bb2 O-O 11. b5 Na5 12. d3 d5 13. cxd5 exd5 14. e3 Bg4 15. h3
Bd7 16. Ne2 Bxb2 17. Rxb2 Nb7 18. Ne5 Be8 19. Nf4 Qd6 20. Ng4 f5 21. Nh2 g5 22.
Nh5 Qg6 23. g4 fxg4 24. hxg4 Nd6 25. a4 Bd7 26. e4 d4 27. e5 Ne8 28. f4 gxf4
29. Nxf4 Rxf4 30. Rxf4 Be6 31. Rbf2 Nc7 32. Rf6 Qg5 33. Qf3 Bd5 34. Qg3 Bxg2
35. Kxg2 Ncd5 36. Nf1 Ng6 37. Rf7 Re8 38. e6 Qe5 39. Qxe5 Nxe5 40. R7f5 Nxd3
41. Rg5+ Kh8 42. Rxd5 Nxf2 43. Kxf2 Rxe6 44. Rd7  1-0